Edward Said, la paradoja de la identidad / (Record no. 18594)

MARC details
000 -LEADER
campo de control de longitud fija 00849nam a2200253 i 4500
001 - NÚMERO DE CONTROL
campo de control 18594
003 - IDENTIFICADOR DE NÚMERO DE CONTROL
campo de control ES-MaACL
005 - FECHA Y HORA DE LA ÚLTIMA TRANSACCIÓN
campo de control 20240507102622.0
007 - CAMPO FIJO DE DESCRIPCIÓN FÍSICA--INFORMACIÓN GENERAL
campo de control de longitud fija t|
008 - DATOS DE LONGITUD FIJA--INFORMACIÓN GENERAL
campo de control de longitud fija 011022s2000 sp ||||1| spa d
020 ## - NÚMERO INTERNACIONAL ESTÁNDAR DEL LIBRO
Número Internacional Estándar del Libro 84-7290-151-3
080 ## - NÚMERO DE LA CLASIFICACIÓN DECIMAL UNIVERSAL
Número de la Clasificación Decimal Universal 929 Said, Edward W.
100 1# - ENTRADA PRINCIPAL--NOMBRE DE PERSONA
Nombre de persona Ashcroft, Bill.
9 (RLIN) 23598
245 10 - MENCIÓN DEL TÍTULO
Título Edward Said, la paradoja de la identidad /
Mención de responsabilidad, etc. Bill Ashcroft y Pal Ahluwalia ; [traducido por Víctor Pozanco].
260 ## - PUBLICACIÓN, DISTRIBUCIÓN, ETC.
Lugar de publicación, distribución, etc. Barcelona :
Nombre del editor, distribuidor, etc. Bellaterra,
Fecha de publicación, distribución, etc. [2000]
300 ## - DESCRIPCIÓN FÍSICA
Extensión 221 p. ;
Dimensiones 22 cm.
490 1# - MENCIÓN DE SERIE
Mención de serie Serie general universitaria ;
Designación de volumen o secuencia 7
600 04 - PUNTO DE ACCESO ADICIONAL DE MATERIA--NOMBRE DE PERSONA
Nombre de persona Said, Edward W.,
Fechas asociadas al nombre 1935-2003
9 (RLIN) 101485
700 1# - ENTRADA AGREGADA--NOMBRE PERSONAL
Nombre de persona Ahluwalia, Pal.
9 (RLIN) 18936
700 0# - ENTRADA AGREGADA--NOMBRE PERSONAL
Nombre de persona Pozanco, Víctor,
Fechas asociadas al nombre 1940-
9 (RLIN) 93527
830 0# - PUNTO DE ACCESO ADICIONAL DE SERIE-TÍTULO UNIFORME
Título uniforme Serie general universitaria ;
Designación de volumen o secuencia 7
9 (RLIN) 183172
852 ## - LOCALIZACIÓN
Ubicación ES-MaACL
Número de control de estantería L-25158
Sublocalización o colección R.130330
Holdings
Estatus retirado Estado de pérdida Estado de daño No para préstamo Biblioteca de origen Biblioteca actual Ubicación en estantería Fecha de adquisición Fuente de adquisición Total de préstamos Signatura topográfica completa Código de barras Visto por última vez Precio de reemplazo Tipo de ítem Koha
        Biblioteca del Ateneo de Madrid Biblioteca del Ateneo de Madrid Depósito 2 17/01/2008     L-25158 1019028 23/02/2023 23/02/2023 Libro impreso